|
|
|
|
| LEADER |
01787nam a2200385Ia 4500 |
| 001 |
EBC3378543 |
| 003 |
MiAaPQ |
| 005 |
20200520144314.0 |
| 006 |
m o d | |
| 007 |
cr cn||||||||| |
| 008 |
091002s2009 dcuad sb 000 0 eng d |
| 020 |
|
|
|z 9780309137898 (print)
|
| 020 |
|
|
|z 0309137896 (print)
|
| 020 |
|
|
|a 0309130107 (electronic bk.)
|
| 020 |
|
|
|a 9780309130103 (electronic bk.)
|
| 035 |
|
|
|a (MiAaPQ)EBC3378543
|
| 035 |
|
|
|a (Au-PeEL)EBL3378543
|
| 035 |
|
|
|a (CaPaEBR)ebr10347047
|
| 035 |
|
|
|a (CaONFJC)MIL241263
|
| 035 |
|
|
|a (OCoLC)923280960
|
| 040 |
|
|
|a MiAaPQ
|c MiAaPQ
|d MiAaPQ
|
| 050 |
|
4 |
|a T175.7
|b .N38 2009
|
| 110 |
2 |
|
|a National Research Council (U.S.).
|b Committee on Comparative Innovation Policy: Best Practice for the 21st Century.
|
| 245 |
1 |
0 |
|a Understanding research, science, and technology parks
|h [electronic resource] :
|b global best practices, report of a symposium /
|c Committee on Comparative Innovation Policy: Best Practice for the 21st Century, Board on Science, Technology, and Economic Policy, Policy and Global Affairs, National Research Council; Charles W. Wessner, editor.
|
| 260 |
|
|
|a Washington, D.C. :
|b National Academies Press,
|c c2009.
|
| 300 |
|
|
|a xviii, 196 p. :
|b , ill. (some col.), charts.
|
| 504 |
|
|
|a Includes bibliographical references.
|
| 533 |
|
|
|a Electronic reproduction. Ann Arbor, MI : ProQuest, 2015. Available via World Wide Web. Access may be limited to ProQuest affiliated libraries.
|
| 650 |
|
0 |
|a Research parks.
|
| 650 |
|
0 |
|a Information technology parks.
|
| 655 |
|
4 |
|a Electronic books.
|
| 700 |
1 |
|
|a Wessner, Charles W.
|
| 710 |
2 |
|
|a National Academies Press (U.S.)
|
| 710 |
2 |
|
|a ProQuest (Firm)
|
| 856 |
4 |
0 |
|u https://ebookcentral.proquest.com/lib/matrademy/detail.action?docID=3378543
|z Click to View
|